Fears obscure growth area (Record no. 117968)
[ view plain ]
| 000 -LEADER | |
|---|---|
| fixed length control field | 01115cam a2200205 4500 |
| 001 - CONTROL NUMBER | |
| control field | ABS68261 |
| 008 - FIXED-LENGTH DATA ELEMENTS--GENERAL INFORMATION | |
| fixed length control field | 040907n2004 000 0 eng u |
| 035 ## - SYSTEM CONTROL NUMBER | |
| System control number | (Sirsi) u127288 |
| 100 ## - MAIN ENTRY--PERSONAL NAME | |
| Personal name | Early, C. |
| 245 ## - TITLE STATEMENT | |
| Title | Fears obscure growth area |
| 260 ## - PUBLICATION, DISTRIBUTION, ETC. | |
| Date of publication, distribution, etc. | 2004 |
| 490 ## - SERIES STATEMENT | |
| Series statement | Planning (for the Natural and Built Environment) |
| Volume/sequential designation | (1584) 27 August 2004, 8(1) |
| 520 ## - SUMMARY, ETC. | |
| Summary, etc. | The ODPM commissioned a study by Colin Buchanan and Partners and GVA Grimley to establish whether the 18 000 homes for the M11 corridor, proposed by the East of England regional assembly are realistic. Outlines target allocations set out in the draft RPG14: "East of England". The study, "Relationship between transport and development in the M11 growth area", concludes that it would be premature to plan for a major settlement in the growth area. Puts forward two options for accommodating new houses: concentration in the urban areas and development along transport corridors to ensure reserve capacity for growth. |
| 590 ## - LOCAL NOTE (RLIN) | |
| Local note | ABS |
| 590 ## - LOCAL NOTE (RLIN) | |
| Local note | ABS |
| 650 ## - SUBJECT ADDED ENTRY--TOPICAL TERM | |
| Topical term or geographic name entry element | M11 CORRIDOR |
| 650 ## - SUBJECT ADDED ENTRY--TOPICAL TERM | |
| Topical term or geographic name entry element | RPG14 |
| 690 ## - LOCAL SUBJECT ADDED ENTRY--TOPICAL TERM (OCLC, RLIN) | |
| Topical term or geographic name as entry element | PLANNING |
| 942 ## - ADDED ENTRY ELEMENTS (KOHA) | |
| Suppress in OPAC | 0 |
| Withdrawn status | Lost status | Source of classification or shelving scheme | Damaged status | Not for loan | Home library | Current library | Shelving location | Date acquired | Total Checkouts | Full call number | Barcode | Date last seen | Copy number | Price effective from | Koha item type |
|---|---|---|---|---|---|---|---|---|---|---|---|---|---|---|---|
| Dewey Decimal Classification | London | London | Journal article | 07/09/2004 | ABS68261 | 127288-1001 | 06/08/2019 | 1 | 06/08/2019 | Journal article |